000 01239nam a2200301 i 4500
003 EG-ScBUE
005 20240716100557.0
008 100805s2005 ua r f b00 0 ARA ara d
017 _a2005 / 3364
020 _a9770710679
040 _aEG-ScBUE
_bara
_erda
_cEG-ScBUE
_dEG-ScBUE
043 _aawba---
_aawgz---
_aa-is---
082 0 4 _a956.94
_bح س ي
_222
100 1 _917114
_aحسين، زكريا،
_eمؤلف.
245 1 2 _aالقضية الفلسطينية إلي أين ؟؟ :
_bالمواجهة العربية الإسرائيلية بين الحرب والسلام عبر أكثر من نصف قرن 1917 - 2004 /
_cبقلم لواء أ. ح. زكريا حسين.
264 1 _a[القاهرة] :
_bدار الهلال،
_c[2005]
300 _a330 صفحة ؛
_c24 سم
336 _2rdacontent
_aنص
_btxt
337 _aبدون وسيط
_2rdamedia
_bn
338 _aمجلد
_bnc
_2rdacarrier
504 _aيشتمل علي إرجاعات ببليوجرافية.
541 _a؛ألف باء
_c؛شراء
650 7 _98530
_aالقضية الفلسطينية.
_2BUEsh
650 7 _913399
_aالنزاع العربي الإسرائيلي.
_2BUEsh
653 _cJuly2011
655 _vReading book
942 _2ddc
_cBB
999 _c14619
_d14619